<?xml version="1.0" encoding="UTF-8"?>
<record
    xmlns:xsi="http://www.w3.org/2001/XMLSchema-instance"
    xsi:schemaLocation="http://www.loc.gov/MARC21/slim http://www.loc.gov/standards/marcxml/schema/MARC21slim.xsd"
    xmlns="http://www.loc.gov/MARC21/slim">

  <leader>00460nam a22001697a 4500</leader>
  <controlfield tag="003">BDDh-ASL</controlfield>
  <controlfield tag="005">20231015031037.0</controlfield>
  <controlfield tag="008">221021s1999    p  ||||| |||| 00| 0 u   d</controlfield>
  <datafield tag="040" ind1=" " ind2=" ">
    <subfield code="a">BDDh-ASL</subfield>
    <subfield code="c">BDDh-ASL</subfield>
  </datafield>
  <datafield tag="041" ind1=" " ind2=" ">
    <subfield code="a">urd</subfield>
  </datafield>
  <datafield tag="082" ind1=" " ind2=" ">
    <subfield code="a">297</subfield>
    <subfield code="b">SIR</subfield>
  </datafield>
  <datafield tag="245" ind1="0" ind2="0">
    <subfield code="a">Sirat Khairul Anam : / &#x633;&#x6CC;&#x631;&#x6C3; &#x62E;&#x6CC;&#x631; &#x627;&#x644;&#x627;&#x646;&#x627;&#x645; </subfield>
  </datafield>
  <datafield tag="260" ind1=" " ind2=" ">
    <subfield code="a">Lahore  : </subfield>
    <subfield code="b">Punjab University , </subfield>
    <subfield code="c">1999. </subfield>
  </datafield>
  <datafield tag="300" ind1=" " ind2=" ">
    <subfield code="a">784 p. : </subfield>
    <subfield code="c">26 cm. </subfield>
  </datafield>
  <datafield tag="650" ind1=" " ind2="0">
    <subfield code="9">6470</subfield>
    <subfield code="a">Sirat (Islam) </subfield>
  </datafield>
  <datafield tag="942" ind1=" " ind2=" ">
    <subfield code="2">ddc</subfield>
    <subfield code="c">BK</subfield>
  </datafield>
  <datafield tag="952" ind1=" " ind2=" ">
    <subfield code="0">0</subfield>
    <subfield code="1">0</subfield>
    <subfield code="2">ddc</subfield>
    <subfield code="4">0</subfield>
    <subfield code="7">1</subfield>
    <subfield code="8">NFIC</subfield>
    <subfield code="a">ASL</subfield>
    <subfield code="b">ASL</subfield>
    <subfield code="c">GEN</subfield>
    <subfield code="d">2022-10-21</subfield>
    <subfield code="e">ASB Collections</subfield>
    <subfield code="h">U-1130</subfield>
    <subfield code="l">0</subfield>
    <subfield code="o">297 SIR</subfield>
    <subfield code="p">117805</subfield>
    <subfield code="r">2022-10-21 00:00:00</subfield>
    <subfield code="t">C-1</subfield>
    <subfield code="w">2022-10-21</subfield>
    <subfield code="y">BK</subfield>
    <subfield code="z">Y-1999</subfield>
  </datafield>
  <datafield tag="999" ind1=" " ind2=" ">
    <subfield code="c">29583</subfield>
    <subfield code="d">29583</subfield>
  </datafield>
</record>
